[Event "Mittelfrank Regionalliga Nord-Ost 2122"]
[Site "Mittelfranken"]
[Date "2021.11.14"]
[Round "2.4"]
[White "Klampfer, Matjaz"]
[Black "Piehler, Sebastian"]
[Result "1-0"]
[WhiteElo "2066"]
[BlackElo "1802"]
[PlyCount "59"]
[EventDate "2021.10.24"]
[EventType "team-tourn"]
[EventRounds "9"]
[EventCountry "GER"]
[SourceTitle "EXT 2024"]
[Source "ChessBase"]
[SourceDate "2023.10.10"]
[SourceVersion "1"]
[SourceVersionDate "2023.10.10"]
[SourceQuality "1"]
[WhiteTeam "Buechenbach/Roth"]
[BlackTeam "Kelheim II"]
[WhiteTeamCountry "GER"]
[BlackTeamCountry "GER"]

1. e4 c5 2. Nc3 a6 3. d3 e6 4. g3 b5 5. Be3 Bb7 6. Bg2 Be7 7. f4 b4 8. Nce2 d5 9. e5 h5 10. h3 Nh6 11. Qd2 Qc7 12. Nf3 Nf5 13. Bf2 Nd7 14. 0-0 Nb6 15. Rfc1 a5 16. c3 Qd8 17. g4 hxg4 18. hxg4 Nh6 19. Nh2 c4 20. d4 b3 21. Rf1 a4 22. a3 Qd7 23. Ng3 Bh4 24. Nh5 Bxf2+ 25. Rxf2 Rg8 26. f5 0-0-0 27. f6 gxf6 28. Nxf6 Qe7 29. Qxh6 Rg6 30. Qf4 1-0

[Event "Bled op-B 25th"]
[Site "Bled"]
[Date "2008.02.23"]
[Round "2"]
[White "Klampfer, Matjaz"]
[Black "Krasevec, Viktor"]
[Result "0-1"]
[WhiteElo "1684"]
[BlackElo "2046"]
[PlyCount "64"]
[EventDate "2008.02.23"]
[EventType "swiss"]
[EventRounds "9"]
[EventCountry "SLO"]
[SourceTitle "CBM 122 Extra"]
[Source "ChessBase"]
[SourceDate "2008.03.04"]
[SourceVersion "1"]
[SourceVersionDate "2008.03.04"]
[SourceQuality "1"]

1. e4 c5 2. Nc3 Nc6 3. g3 g6 4. Bg2 Bg7 5. d3 d6 6. f4 e6 7. Nf3 Nge7 8. Be3 b6 9. 0-0 Nd4 10. Rb1 0-0 11. Ne2 Nxf3+ 12. Bxf3 Bb7 13. g4 d5 14. Ng3 f5 15. gxf5 exf5 16. c3 dxe4 17. dxe4 fxe4 18. Bxe4 Bxe4 19. Nxe4 Nf5 20. Qb3+ Kh8 21. Bf2 h6 22. Rbd1 Qc7 23. Ng3 Nh4 24. Be3 Rae8 25. Bc1 c4 26. Qc2 Qc6 27. Qf2 g5 28. Ne2 Qe4 29. Rde1 Rf7 30. Nd4 Bxd4 31. Qxd4+ Qxd4+ 32. cxd4 Rxe1 0-1

[Event "SLO-chT2 East"]
[Site "Velenje"]
[Date "2006.10.22"]
[Round "9"]
[White "Klampfer, Matjaz"]
[Black "Novak, Primoz"]
[Result "1/2-1/2"]
[WhiteElo "1674"]
[BlackElo "1546"]
[PlyCount "21"]
[EventDate "2006.05.21"]
[EventType "team"]
[EventRounds "9"]
[EventCountry "SLO"]
[SourceTitle "EXT 2008"]
[Source "ChessBase"]
[SourceDate "2007.11.25"]
[SourceVersion "1"]
[SourceVersionDate "2007.11.25"]
[SourceQuality "1"]

1. e4 c5 2. Nf3 d6 3. d4 cxd4 4. Nxd4 Nf6 5. Nc3 a6 6. Be2 e5 7. Nb3 Be6 8. 0-0 Be7 9. a4 0-0 10. f4 Qc7 11. Kh1 1/2-1/2